Que sais-je? : vie et mort des mots /

Gardado en:
Detalles Bibliográficos
Autor Principal: Schöne, Maurice (autor)
Formato: Libro
Idioma:francés
Publicado: París, Francia : Presses Universitaires de France, 1959, c1947
Etiquetas: Engadir etiqueta
Sen Etiquetas, Sexa o primeiro en etiquetar este rexistro!

MARC

LEADER 00000nam^a2200000^a^4500
001 000629707
005 20260407000000.0
009 20260408133314.578
037 |a Acervo ITESO - Biblioteca 
041 |a FRA 
091 |a FOB. 04307 
100 |a Schöne, Maurice  |e (autor) 
245 1 0 |a Que sais-je? :  |b vie et mort des mots / 
264 4 |a París, Francia :  |b Presses Universitaires de France,  |c 1959, c1947 
300 |a 135 p. 
336 |a texto  |b txt  |2 rdacontenido 
337 |a sin mediación  |b n  |2 rdamedio 
338 |a volumen  |b nc  |2 rdasoporte 
649 |a XX 
910 |a Fondo Carlos de Obeso Orendain 
920 |a Impresos - Libros 
930 |a Fondos Especiales 
905 |a 147 
901 |a 630089-10  |b IT2  |c ESP  |i D87008  |u 20260407 
902 |a https://opac.biblio.iteso.mx/vufind/Record/000629707